| 000 | 00578cam a2200145K 4500 | ||
|---|---|---|---|
| 082 | 4 |
_a355.00941 _bREI _cD |
|
| 100 | 1 |
_aReid, Adam Scott. _949516 |
|
| 245 | 1 | 0 |
_aChin-Lushai land, _cincluding a description of the various expeditions into the Chin-Lushai Hills and the final annexation of the country. |
| 260 |
_aCalcutta, _bThacker, Spink and co., _c1893. |
||
| 300 |
_ax, [2], 235 p. _billus., plates, fold. maps. |
||
| 526 |
_a0 _b0 _c0 _d355_009410000000000_REI |
||
| 650 |
_aMCE _9379 |
||
| 856 | 4 | 0 | _uhttp://catalog.hathitrust.org/api/volumes/oclc/5593343.html |
| 942 |
_2ddc _cBK |
||
| 999 |
_c552299 _d552299 |
||